000 00527nam a22001937a 4500
008 131031b xxu||||| |||| 00| 0 alb d
020 _a9994361147
041 0 _aalb
080 _a330(075.8)
245 _aHyrje në ekonomi /
_cAhmet Mançellari...[et al.].
260 _aTiranë :
_b,,Pegi" ;
_c2002.
300 _a422 f. :
_bme il. ;
_c24 cm.
650 0 _aEkonomia
_vTekste universitare
700 1 _aMançellari, Ahmet
700 1 _aHadëri, Sulo
700 1 _aKule, Dhori
700 1 _aQirici, Stefan
942 _2udc
_cBK
999 _c230
_d230